[Event "GBR-ch109 Over 65"]
[Site "Leicester"]
[Date "2023.07.25"]
[Round "2.17"]
[White "Dennis, Nigel W"]
[Black "Binks, Michael E"]
[Result "0-1"]
[WhiteElo "1803"]
[BlackElo "2140"]
[PlyCount "86"]
[EventDate "2023.07.24"]
[EventType "swiss"]
[EventRounds "7"]
[EventCountry "GBR"]
[SourceTitle "BritBase"]
[Source "John Saunders"]
[SourceDate "2025.01.31"]
[SourceVersion "1"]
[SourceVersionDate "2025.01.31"]
[SourceQuality "1"]

1. e4 c6 2. d4 d5 3. exd5 cxd5 4. c4 e6 5. Nc3 Nf6 6. Nf3 Be7 7. Bd3 dxc4 8. Bxc4 a6 9. a4 O-O 10. O-O Qc7 11. Bd3 Nbd7 12. Be3 b6 13. Qc2 Bb7 14. Ng5 Ng4 15. g3 Nxe3 16. Bxh7+ Kh8 17. Nxf7+ Rxf7 18. fxe3 Raf8 19. Be4 Rxf1+ 20. Rxf1 Rxf1+ 21. Kxf1 Nf6 22. Bxb7 Qxb7 23. Qg2 Qxg2+ 24. Kxg2 Bb4 25. Kf3 Bxc3 26. bxc3 Nd5 27. c4 Nc3 28. c5 bxc5 29. dxc5 Nxa4 30. c6 Kg8 31. Ke4 Kf7 32. h4 Ke7 33. g4 Nb6 34. Kd4 Kd6 35. h5 Nc8 36. g5 Ne7 37. h6 gxh6 38. gxh6 Nf5+ 39. Kc4 Nxh6 40. c7 Kxc7 41. Kc5 Ng4 42. e4 Nf6 43. e5 Nd7+ 0-1

[Event "GBR-ch109 Over 65"]
[Site "Leicester"]
[Date "2023.07.25"]
[Round "2.18"]
[White "Graham, Neil"]
[Black "Jackson, Sheila"]
[Result "0-1"]
[WhiteElo "1764"]
[BlackElo "2039"]
[PlyCount "166"]
[EventDate "2023.07.24"]
[EventType "swiss"]
[EventRounds "7"]
[EventCountry "GBR"]
[SourceTitle "BritBase"]
[Source "John Saunders"]
[SourceDate "2025.01.31"]
[SourceVersion "1"]
[SourceVersionDate "2025.01.31"]
[SourceQuality "1"]

1. d4 Nf6 2. Bg5 d5 3. Bxf6 exf6 4. e3 Be6 5. Bd3 c5 6. c3 Nc6 7. Ne2 Bd6 8. dxc5 Bxc5 9. Nd2 O-O 10. Nb3 Bd6 11. Qc2 g6 12. Ned4 Ne5 13. Be2 Rc8 14. h3 Bd7 15. O-O a6 16. a3 Re8 17. Nd2 Bb8 18. g3 Bxh3 19. Rfe1 Bd7 20. Qb3 Bc6 21. f4 Nd7 22. Bf3 Nc5 23. Qc2 f5 24. Kf2 Ne4+ 25. Kg2 Qe7 26. Re2 Kg7 27. Rh1 Bd7 28. Bxe4 fxe4 29. Qb3 Bg4 30. Ree1 Qd7 31. Kf2 b5 32. Rh4 h5 33. Reh1 Ba7 34. Nf1 Bxd4 35. exd4 Rcd8 36. Ne3 Bf3 37. Re1 f5 38. Nf1 Qc6 39. Ne3 a5 40. Kg1 Re7 41. Rh2 Kf6 42. Rf2 Rh7 43. Nf1 h4 44. Rxf3 exf3 45. Qd1 f2+ 46. Kxf2 hxg3+ 47. Kxg3 Re8 48. Re5 Rxe5 49. dxe5+ Ke6 50. Nd2 Qc5 51. Qe1 Rh5 52. Nf3 Qc4 53. Nd4+ Ke7 54. e6 Qd3+ 55. Nf3 Rh3+ 56. Kxh3 Qxf3+ 57. Kh2 Qxf4+ 58. Kg1 Qg4+ 59. Kh2 Qf4+ 60. Kg1 Qg4+ 61. Kh2 Qe4 62. Qf2 Qxe6 63. Qa7+ Kf6 64. Qxa5 Qe2+ 65. Kg1 Qxb2 66. Qd8+ Ke5 67. Qh8+ Ke4 68. Qd4+ Kf3 69. Qd3+ Kg4 70. Qd1+ Kg5 71. Qxd5 Qxc3 72. Qd8+ Kg4 73. Qd1+ Qf3 74. Qd4+ Kh3 75. Qh8+ Kg4 76. Qf6 Qe3+ 77. Kf1 Qd3+ 78. Kg1 g5 79. Qe5 f4 80. Qe6+ Qf5 81. Qe2+ f3 82. Qe3 Kh3 83. Qc3 Qg4+ 0-1

[Event "GBR-ch109 Over 65"]
[Site "Leicester"]
[Date "2023.07.25"]
[Round "2.19"]
[White "Bhopal, Rajinder S"]
[Black "Erdogan, Hassan"]
[Result "1-0"]
[WhiteElo "2021"]
[BlackElo "1829"]
[PlyCount "69"]
[EventDate "2023.07.24"]
[EventType "swiss"]
[EventRounds "7"]
[EventCountry "GBR"]
[SourceTitle "BritBase"]
[Source "John Saunders"]
[SourceDate "2025.01.31"]
[SourceVersion "1"]
[SourceVersionDate "2025.01.31"]
[SourceQuality "1"]

1. Nf3 d6 2. d4 Nf6 3. g3 Nbd7 4. Bg2 c6 5. O-O e5 6. c4 e4 7. Ng5 d5 8. cxd5 cxd5 9. Nc3 Be7 10. h4 O-O 11. Nh3 Nb8 12. Nf4 Nc6 13. Be3 Re8 14. Rc1 Bf8 15. Kh2 h6 16. Kg1 Na5 17. b3 a6 18. Na4 b6 19. Bd2 Nb7 20. Rc2 Bd7 21. Nc3 Bc6 22. e3 Nd6 23. Nxe4 dxe4 24. Rxc6 Rc8 25. Rxc8 Qxc8 26. Bh3 Qb7 27. Qe2 Nh7 28. Bb4 g5 29. Bxd6 gxf4 30. Bxf4 Nf6 31. Rc1 Nd5 32. Qg4+ Kh8 33. Qf5 Nxf4 34. Qxf4 Qd5 35. Rc7 1-0

[Event "GBR-ch109 Over 65"]
[Site "Leicester"]
[Date "2023.07.25"]
[Round "2.20"]
[White "Matthew, Ian G"]
[Black "Kelly, Ian G"]
[Result "0-1"]
[WhiteElo "1745"]
[BlackElo "1987"]
[PlyCount "56"]
[EventDate "2023.07.24"]
[EventType "swiss"]
[EventRounds "7"]
[EventCountry "GBR"]
[SourceTitle "BritBase"]
[Source "John Saunders"]
[SourceDate "2025.01.31"]
[SourceVersion "1"]
[SourceVersionDate "2025.01.31"]
[SourceQuality "1"]

1. e4 d6 2. d4 Nf6 3. Nc3 g6 4. Be3 Bg7 5. f3 c6 6. a4 O-O 7. Qd2 Nbd7 8. Nh3 Qc7 9. Nf2 e5 10. h4 Re8 11. Be2 Nf8 12. g4 Ne6 13. d5 Nd4 14. h5 Bd7 15. hxg6 fxg6 16. g5 Nh5 17. Rxh5 gxh5 18. f4 Nxe2 19. Qxe2 exf4 20. Bd2 Bg4 21. Nxg4 hxg4 22. Qxg4 Bxc3 23. Bxc3 Rxe4+ 24. Kd2 cxd5 25. Rh1 d4 26. Bb4 Rae8 27. g6 Re2+ 28. Kd1 Qxc2# 0-1

[Event "GBR-ch109 Over 65"]
[Site "Leicester"]
[Date "2023.07.25"]
[Round "2.21"]
[White "Hutchinson, Norman A"]
[Black "Ramage, Colin R"]
[Result "1-0"]
[WhiteElo "1982"]
[BlackElo "1802"]
[PlyCount "103"]
[EventDate "2023.07.24"]
[EventType "swiss"]
[EventRounds "7"]
[EventCountry "GBR"]
[SourceTitle "BritBase"]
[Source "John Saunders"]
[SourceDate "2025.01.31"]
[SourceVersion "1"]
[SourceVersionDate "2025.01.31"]
[SourceQuality "1"]

1. e4 e5 2. Nf3 f5 3. Nxe5 Qf6 4. d4 d6 5. Nc4 fxe4 6. Nc3 Qg6 7. Ne3 Nf6 8. Be2 Be6 9. Nxe4 Nbd7 10. Nxf6+ Qxf6 11. Bg4 O-O-O 12. Bxe6 Qxe6 13. Qg4 Qxg4 14. Nxg4 h5 15. Ne3 g6 16. O-O Bg7 17. c3 Nf6 18. Re1 Rde8 19. Bd2 Ne4 20. Rad1 Bh6 21. Bc1 c6 22. Nc4 Kd7 23. Bxh6 Rxh6 24. f3 Nf6 25. Rxe8 Nxe8 26. Re1 b5 27. Nd2 Rh7 28. Ne4 Rf7 29. Kf2 Rf5 30. h4 a5 31. Ng3 Rd5 32. Ne2 Rf5 33. g3 Nc7 34. Nf4 Rf6 35. Re4 Nd5 36. Nxd5 cxd5 37. Re3 Rf8 38. Ke2 Rf6 39. Kd2 Rf8 40. Kc2 Rf6 41. Kb3 Rf8 42. a4 Rb8 43. axb5 Rxb5+ 44. Ka3 a4 45. Re2 Ra5 46. g4 Ra8 47. gxh5 gxh5 48. Rg2 Rf8 49. Rg5 Rxf3 50. Rxd5 Kc6 51. Rxh5 Rf1 52. Kxa4 1-0

[Event "GBR-ch109 Over 65"]
[Site "Leicester"]
[Date "2023.07.25"]
[Round "2.22"]
[White "Habershon, Paul F"]
[Black "Tidmarsh, David A"]
[Result "1-0"]
[WhiteElo "1890"]
[BlackElo "1761"]
[PlyCount "51"]
[EventDate "2023.07.24"]
[EventType "swiss"]
[EventRounds "7"]
[EventCountry "GBR"]
[SourceTitle "BritBase"]
[Source "John Saunders"]
[SourceDate "2025.01.31"]
[SourceVersion "1"]
[SourceVersionDate "2025.01.31"]
[SourceQuality "1"]

1. e4 e5 2. Nf3 Nf6 3. d4 Nxe4 4. Nxe5 Nf6 5. Bd3 Be7 6. O-O O-O 7. Bg5 h6 8. Bh4 d6 9. Nc4 d5 10. Ne5 Nbd7 11. Nc3 c6 12. Re1 Re8 13. Qf3 Nf8 14. h3 Be6 15. Ne2 N6h7 16. Bxe7 Rxe7 17. Ng3 Nf6 18. Re2 Qd6 19. Rae1 Rae8 20. c3 Qc7 21. Bb1 Qd6 22. Re3 Qc7 23. Qe2 Qd6 24. Nf3 g6 25. Ne5 Qc7 26. f4 1-0

[Event "GBR-ch109 Over 65"]
[Site "Leicester"]
[Date "2023.07.25"]
[Round "2.23"]
[White "Carpenter, David J"]
[Black "Fallowfield, Nicholas"]
[Result "0-1"]
[WhiteElo "1485"]
[BlackElo "1875"]
[PlyCount "24"]
[EventDate "2023.07.24"]
[EventType "swiss"]
[EventRounds "7"]
[EventCountry "GBR"]
[SourceTitle "BritBase"]
[Source "John Saunders"]
[SourceDate "2025.01.31"]
[SourceVersion "1"]
[SourceVersionDate "2025.01.31"]
[SourceQuality "1"]

1. Nf3 d5 2. g3 Nc6 3. Bg2 e5 4. d3 Nf6 5. Nbd2 e4 6. dxe4 dxe4 7. Ng1 e3 8. fxe3 Ng4 9. Ne4 Qxd1+ 10. Kxd1 Bf5 11. Nh3 O-O-O+ 12. Bd2 Nxe3+ 0-1

[Event "GBR-ch109 Over 65"]
[Site "Leicester"]
[Date "2023.07.25"]
[Round "2.24"]
[White "Collinson, Mark I"]
[Black "Gunn, Michael J"]
[Result "1-0"]
[WhiteElo "1865"]
[BlackElo "1606"]
[PlyCount "57"]
[EventDate "2023.07.24"]
[EventType "swiss"]
[EventRounds "7"]
[EventCountry "GBR"]
[SourceTitle "BritBase"]
[Source "John Saunders"]
[SourceDate "2025.01.31"]
[SourceVersion "1"]
[SourceVersionDate "2025.01.31"]
[SourceQuality "1"]

1. d4 d6 2. c4 Nf6 3. g3 e5 4. Bg2 Nbd7 5. e4 c6 6. Nc3 Be7 7. Nge2 exd4 8. Nxd4 Ne5 9. Qe2 O-O 10. O-O Bg4 11. f3 Bd7 12. Be3 a6 13. a4 Re8 14. h3 Bf8 15. f4 Ng6 16. Qd3 c5 17. Nf3 Bc6 18. Nd2 Qc7 19. Rae1 Rad8 20. b3 h5 21. Nd5 Bxd5 22. exd5 Qd7 23. Kh2 Be7 24. Ne4 Nxe4 25. Bxe4 Nf8 26. Bd2 Bf6 27. Ba5 Rb8 28. Bf5 Rxe1 29. Rxe1 1-0

[Event "GBR-ch109 Over 65"]
[Site "Leicester"]
[Date "2023.07.26"]
[Round "3.1"]
[White "Chapman, Terry PD"]
[Black "Moore, Geoffrey R"]
[Result "1-0"]
[WhiteElo "2248"]
[BlackElo "1994"]
[PlyCount "147"]
[EventDate "2023.07.24"]
[EventType "swiss"]
[EventRounds "7"]
[EventCountry "GBR"]
[SourceTitle "BritBase"]
[Source "John Saunders"]
[SourceDate "2025.01.31"]
[SourceVersion "1"]
[SourceVersionDate "2025.01.31"]
[SourceQuality "1"]

1. d4 d5 2. Nf3 Nf6 3. c4 dxc4 4. e3 Bg4 5. Bxc4 e6 6. h3 Bh5 7. Nc3 Nbd7 8. Be2 a6 9. O-O Be7 10. e4 O-O 11. Re1 h6 12. e5 Nd5 13. Nxd5 exd5 14. Qb3 Nb6 15. Bf4 a5 16. Rac1 a4 17. Qe3 Re8 18. Bd3 Bb4 19. Nd2 c6 20. Rc2 Nd7 21. Bxh6 Nf8 22. Bg5 Qb6 23. a3 Ba5 24. g4 Bg6 25. Bxg6 Nxg6 26. Qd3 Nf8 27. Be3 Qd8 28. f4 f6 29. Bf2 fxe5 30. dxe5 Rc8 31. f5 b6 32. e6 c5 33. Rd1 Bxd2 34. Rcxd2 d4 35. Qc4 Kh8 36. Qxa4 g6 37. Qc2 gxf5 38. gxf5 Qd5 39. Re1 Nxe6 40. Rxe6 Rxe6 41. Bxd4+ Re5 42. Bxe5+ Qxe5 43. Qc3 Qxc3 44. bxc3 Ra8 45. Ra2 Ra4 46. f6 Kg8 47. Kf2 Kf7 48. Ke3 Kxf6 49. Rb2 Ra6 50. Kd3 Ke5 51. h4 Kd5 52. c4+ Kc6 53. Rb3 Ra8 54. Ke4 Re8+ 55. Kf5 Rf8+ 56. Kg5 Rg8+ 57. Kf6 Rg4 58. Rh3 Rxc4 59. h5 Rf4+ 60. Ke5 Rf8 61. h6 Kb5 62. h7 Rh8 63. Kf6 Ka4 64. Kg7 Rb8 65. h8=Q Rxh8 66. Rxh8 Kxa3 67. Kf6 c4 68. Rc8 b5 69. Ke5 Kb3 70. Kd4 Kb4 71. Rb8 Ka4 72. Kc3 Ka5 73. Ra8+ Kb6 74. Kb4 1-0

[Event "GBR-ch109 Over 65"]
[Site "Leicester"]
[Date "2023.07.26"]
[Round "3.2"]
[White "Surtees, Michael J"]
[Black "Lawson, Maurice E"]
[Result "1-0"]
[WhiteElo "2059"]
[BlackElo "1972"]
[PlyCount "121"]
[EventDate "2023.07.24"]
[EventType "swiss"]
[EventRounds "7"]
[EventCountry "GBR"]
[SourceTitle "BritBase"]
[Source "John Saunders"]
[SourceDate "2025.01.31"]
[SourceVersion "1"]
[SourceVersionDate "2025.01.31"]
[SourceQuality "1"]

1. c3 d5 2. f4 g6 3. Nf3 Bg7 4. d3 Nc6 5. Qc2 e5 6. g3 Nge7 7. Bg2 O-O 8. O-O Be6 9. Na3 f6 10. e4 Qd7 11. Re1 dxe4 12. dxe4 Rad8 13. fxe5 Nxe5 14. Nxe5 fxe5 15. Be3 a6 16. Bf1 Kh8 17. b3 Bg4 18. Nc4 Nc8 19. Bg5 Rde8 20. Be2 Bxe2 21. Qxe2 h6 22. Bc1 Rf6 23. Ba3 b5 24. Ne3 Nd6 25. Nd5 Rf7 26. Rad1 Bf8 27. c4 bxc4 28. bxc4 Qe6 29. Rf1 c6 30. Rxf7 Qxf7 31. Nb6 Nc8 32. Bxf8 Rxf8 33. Nd7 Re8 34. Qd2 Kg7 35. Qc3 Qe7 36. c5 Na7 37. a4 Rd8 38. Qd3 Nc8 39. Rd2 Qe6 40. Kf2 Ne7 41. Qd6 Qxd6 42. Rxd6 Nc8 43. Rxc6 Rxd7 44. Rxc8 Rd4 45. Rc7+ Kh8 46. Rc6 Rxa4 47. Rxg6 Kh7 48. Re6 Rxe4 49. Rxa6 Rc4 50. Rc6 Rc3 51. Kg2 Rc2+ 52. Kf3 Rxh2 53. Re6 Rc2 54. Rxe5 Rc4 55. Ke3 Kg6 56. Kd3 Rg4 57. c6 Rxg3+ 58. Kd4 Rg2 59. c7 Rd2+ 60. Kc3 Rd4 61. Kxd4 1-0

[Event "GBR-ch109 Over 65"]
[Site "Leicester"]
[Date "2023.07.26"]
[Round "3.3"]
[White "Bray, David J"]
[Black "Punnett, Alan Kenneth"]
[Result "1/2-1/2"]
[WhiteElo "1975"]
[BlackElo "2051"]
[PlyCount "48"]
[EventDate "2023.07.24"]
[EventType "swiss"]
[EventRounds "7"]
[EventCountry "GBR"]
[SourceTitle "BritBase"]
[Source "John Saunders"]
[SourceDate "2025.01.31"]
[SourceVersion "1"]
[SourceVersionDate "2025.01.31"]
[SourceQuality "1"]

1. d4 Nf6 2. c4 e6 3. Nf3 b6 4. Nc3 Bb7 5. e3 Bb4 6. Bd3 O-O 7. O-O h6 8. Bd2 Bxc3 9. Bxc3 Ne4 10. Bb4 d6 11. Nd2 Nxd2 12. Qxd2 f5 13. f3 Nd7 14. Bc3 Qg5 15. e4 f4 16. b4 c5 17. Bc2 Qe7 18. e5 dxe5 19. dxe5 cxb4 20. Qd3 Rf5 21. Bxb4 Nc5 22. Qd6 Qxd6 23. exd6 Re5 24. Rfe1 Bc8 1/2-1/2

[Event "GBR-ch109 Over 65"]
[Site "Leicester"]
[Date "2023.07.26"]
[Round "3.4"]
[White "Hutchinson, Paul A"]
[Black "Myall, Ivan J"]
[Result "1/2-1/2"]
[WhiteElo "1996"]
[BlackElo "1927"]
[PlyCount "121"]
[EventDate "2023.07.24"]
[EventType "swiss"]
[EventRounds "7"]
[EventCountry "GBR"]
[SourceTitle "BritBase"]
[Source "John Saunders"]
[SourceDate "2025.01.31"]
[SourceVersion "1"]
[SourceVersionDate "2025.01.31"]
[SourceQuality "1"]

1. d4 d5 2. Bf4 c5 3. e3 Nc6 4. c3 cxd4 5. exd4 Bf5 6. Nd2 e6 7. Ngf3 Bd6 8. Ne5 Nge7 9. g4 Bg6 10. Bg3 f6 11. Nxc6 Nxc6 12. f4 e5 13. dxe5 fxe5 14. f5 Bf7 15. Nb3 a5 16. Bg2 a4 17. Nc1 e4 18. Ne2 Bxg3+ 19. hxg3 Qb6 20. Qd2 Ne5 21. Nd4 Nc4 22. Qg5 Qxb2 23. O-O Qxc3 24. Ne6 Bxe6 25. fxe6 Qe3+ 26. Qxe3 Nxe3 27. Rf7 Nxg2 28. Kxg2 Rf8 29. Rxg7 Ra6 30. Rb1 Rxe6 31. Rbxb7 Rd6 32. Rge7+ Kd8 33. Rxh7 Kc8 34. Ra7 Kb8 35. Rhb7+ Kc8 36. Rc7+ Kb8 37. Rcb7+ Kc8 38. Re7 Kb8 39. Rxa4 Rb6 40. g5 Rh8 41. g4 Rb2+ 42. Kg3 Rg8 43. Re5 Rd2 44. Ra5 Rd3+ 45. Kf2 Rf3+ 46. Kg2 Rgf8 47. g6 R8f4 48. Rb5+ Kc7 49. Rc5+ Kb6 50. Rc2 Rxg4+ 51. Kh1 Rxg6 52. Rxd5 Rh3+ 53. Rh2 Rd3 54. Rb2+ Kc6 55. Re5 Rd1+ 56. Kh2 Rd5 57. Rb6+ Kxb6 58. Rxd5 Re6 59. Kg2 Kc6 60. Rd1 Kc5 61. Kf2 1/2-1/2

[Event "GBR-ch109 Over 65"]
[Site "Leicester"]
[Date "2023.07.26"]
[Round "3.5"]
[White "Reuben, Stewart"]
[Black "Giulian, Philip Maurice"]
[Result "1/2-1/2"]
[WhiteElo "1901"]
[BlackElo "2141"]
[PlyCount "23"]
[EventDate "2023.07.24"]
[EventType "swiss"]
[EventRounds "7"]
[EventCountry "GBR"]
[SourceTitle "BritBase"]
[Source "John Saunders"]
[SourceDate "2025.01.31"]
[SourceVersion "1"]
[SourceVersionDate "2025.01.31"]
[SourceQuality "1"]

1. c4 e6 2. Nc3 d5 3. d4 a6 4. e4 dxe4 5. Nxe4 Bb4+ 6. Nc3 c5 7. Be3 cxd4 8. Bxd4 Nf6 9. a3 Be7 10. Nf3 O-O 11. Be2 Nbd7 12. O-O 1/2-1/2

[Event "GBR-ch109 Over 65"]
[Site "Leicester"]
[Date "2023.07.26"]
[Round "3.6"]
[White "Moore, John C"]
[Black "Orton, Stephen LA"]
[Result "1/2-1/2"]
[WhiteElo "1886"]
[BlackElo "2133"]
[PlyCount "35"]
[EventDate "2023.07.24"]
[EventType "swiss"]
[EventRounds "7"]
[EventCountry "GBR"]
[SourceTitle "BritBase"]
[Source "John Saunders"]
[SourceDate "2025.01.31"]
[SourceVersion "1"]
[SourceVersionDate "2025.01.31"]
[SourceQuality "1"]

1. e4 c5 2. Nc3 Nc6 3. g3 g6 4. Bg2 Bg7 5. d3 d6 6. f4 e6 7. Nf3 Nge7 8. O-O O-O 9. Be3 Nd4 10. e5 Nef5 11. Bf2 Nxf3+ 12. Qxf3 Nd4 13. Qd1 d5 14. Ne2 Nxe2+ 15. Qxe2 b6 16. g4 f6 17. Bh4 Qc7 18. exf6 1/2-1/2

[Event "GBR-ch109 Over 65"]
[Site "Leicester"]
[Date "2023.07.26"]
[Round "3.7"]
[White "De Coverly, Roger D"]
[Black "Fryer, David William"]
[Result "1-0"]
[WhiteElo "1955"]
[BlackElo "1880"]
[PlyCount "83"]
[EventDate "2023.07.24"]
[EventType "swiss"]
[EventRounds "7"]
[EventCountry "GBR"]
[SourceTitle "BritBase"]
[Source "John Saunders"]
[SourceDate "2025.01.31"]
[SourceVersion "1"]
[SourceVersionDate "2025.01.31"]
[SourceQuality "1"]

1. Nf3 Nf6 2. g3 d6 3. d4 Nbd7 4. Bg2 e5 5. c4 Be7 6. Nc3 c6 7. O-O O-O 8. e4 Qc7 9. h3 Re8 10. Re1 a6 11. a4 a5 12. b3 h6 13. Bb2 Bf8 14. Qc2 Nb8 15. Rad1 Na6 16. c5 exd4 17. cxd6 Bxd6 18. Nxd4 Bc5 19. Nce2 Bd7 20. Nf4 Rad8 21. e5 Bb4 22. Re2 Nd5 23. Nxd5 cxd5 24. Qxc7 Nxc7 25. Kh2 b5 26. Rc2 Ne6 27. Nxb5 Rb8 28. Bxd5 Nc5 29. Nd6 Re7 30. f4 Kf8 31. f5 Rd8 32. f6 gxf6 33. exf6 Re6 34. Nb7 Nxb7 35. Bxb7 Rd6 36. Rxd6 Bxd6 37. Bc1 Be6 38. Bxh6+ Kg8 39. Rd2 Bc7 40. Rxd8+ Bxd8 41. Bg7 Kh7 42. Be4+ 1-0

[Event "GBR-ch109 Over 65"]
[Site "Leicester"]
[Date "2023.07.26"]
[Round "3.8"]
[White "Harding, Timothy David"]
[Black "Spanton, Timothy R"]
[Result "0-1"]
[WhiteElo "1928"]
[BlackElo "1800"]
[PlyCount "82"]
[EventDate "2023.07.24"]
[EventType "swiss"]
[EventRounds "7"]
[EventCountry "GBR"]
[SourceTitle "BritBase"]
[Source "John Saunders"]
[SourceDate "2025.01.31"]
[SourceVersion "1"]
[SourceVersionDate "2025.01.31"]
[SourceQuality "1"]

1. e4 e5 2. Nf3 Nc6 3. d4 exd4 4. Bc4 Bc5 5. c3 Nf6 6. e5 d5 7. Bb5 Ne4 8. cxd4 Bb6 9. Be3 O-O 10. Nc3 Nxc3 11. bxc3 Ne7 12. Bd3 Bf5 13. O-O Qd7 14. Rb1 c6 15. Bg5 Bxd3 16. Qxd3 h6 17. Bc1 Ng6 18. h3 Bd8 19. Nh2 b5 20. f4 f5 21. exf6 Rxf6 22. Ng4 Rf5 23. Ne3 Rf6 24. Ng4 Rf5 25. Ne3 Rf6 26. f5 Ne7 27. Ng4 Rxf5 28. Bxh6 Bc7 29. Rbe1 Raf8 30. Bc1 Rxf1+ 31. Rxf1 Rxf1+ 32. Kxf1 Nf5 33. Qf3 Ng3+ 34. Ke1 Qe7+ 35. Qe3 Ne4 36. Kd1 b4 37. cxb4 Qxb4 38. a3 Qa4+ 39. Ke2 Qc4+ 40. Kf3 Qf1+ 41. Nf2 Bg3 0-1

[Event "GBR-ch109 Over 65"]
[Site "Leicester"]
[Date "2023.07.26"]
[Round "3.9"]
[White "Binks, Michael E"]
[Black "Chadwick, Susan E"]
[Result "1-0"]
[WhiteElo "2140"]
[BlackElo "1455"]
[PlyCount "51"]
[EventDate "2023.07.24"]
[EventType "swiss"]
[EventRounds "7"]
[EventCountry "GBR"]
[SourceTitle "BritBase"]
[Source "John Saunders"]
[SourceDate "2025.01.31"]
[SourceVersion "1"]
[SourceVersionDate "2025.01.31"]
[SourceQuality "1"]

1. d4 d5 2. Nf3 c5 3. e3 Bf5 4. c4 e6 5. Nc3 Nf6 6. cxd5 exd5 7. Bd3 Bxd3 8. Qxd3 Be7 9. O-O O-O 10. dxc5 Bxc5 11. Rd1 Nc6 12. a3 Qe7 13. b4 Bb6 14. Bb2 Rad8 15. Na4 Bc7 16. Qf5 Qe4 17. Qh3 Qg6 18. Rac1 Qg4 19. Qxg4 Nxg4 20. b5 Bb8 21. bxc6 bxc6 22. Rxc6 Rfe8 23. h3 Nh6 24. g4 Re4 25. Nc3 Re7 26. Rxd5 1-0

[Event "GBR-ch109 Over 65"]
[Site "Leicester"]
[Date "2023.07.26"]
[Round "3.10"]
[White "Morley, Andrew J"]
[Black "Habershon, Paul F"]
[Result "0-1"]
[WhiteElo "2089"]
[BlackElo "1890"]
[PlyCount "80"]
[EventDate "2023.07.24"]
[EventType "swiss"]
[EventRounds "7"]
[EventCountry "GBR"]
[SourceTitle "BritBase"]
[Source "John Saunders"]
[SourceDate "2025.01.31"]
[SourceVersion "1"]
[SourceVersionDate "2025.01.31"]
[SourceQuality "1"]

1. e4 Nf6 2. e5 Nd5 3. d4 d6 4. c4 Nb6 5. exd6 exd6 6. Be3 Be7 7. Nc3 Nc6 8. Rc1 Bf5 9. b3 O-O 10. Be2 d5 11. c5 Nc8 12. Nf3 Bf6 13. O-O N8e7 14. Qd2 Qd7 15. Ne1 Rad8 16. Bf3 Rfe8 17. Ne2 Bg4 18. Bf4 Ng6 19. Bg3 h6 20. Rc2 Rxe2 21. Bxg4 Rxd2 22. Bxd7 Rxc2 23. Bxc6 Rxa2 24. Bxb7 Bxd4 25. Nd3 Rd2 26. Ba6 c6 27. Re1 Nf8 28. Bc7 Rd7 29. Bf4 Rxd3 30. Bxd3 Ne6 31. Bd6 Rb7 32. Bc2 Rb5 33. Re2 Bxc5 34. Bxc5 Rxc5 35. g3 Kf8 36. b4 Nd4 37. bxc5 Nxe2+ 38. Kf1 Nd4 39. Ba4 Ke7 40. Ke1 Kd7 0-1

[Event "GBR-ch109 Over 65"]
[Site "Leicester"]
[Date "2023.07.26"]
[Round "3.11"]
[White "Jackson, Sheila"]
[Black "Collinson, Mark I"]
[Result "1-0"]
[WhiteElo "2039"]
[BlackElo "1865"]
[PlyCount "89"]
[EventDate "2023.07.24"]
[EventType "swiss"]
[EventRounds "7"]
[EventCountry "GBR"]
[SourceTitle "BritBase"]
[Source "John Saunders"]
[SourceDate "2025.01.31"]
[SourceVersion "1"]
[SourceVersionDate "2025.01.31"]
[SourceQuality "1"]

1. e4 c5 2. Nf3 d6 3. d4 cxd4 4. Nxd4 Nf6 5. Nc3 g6 6. Be3 Bd7 7. f3 Nc6 8. Qd2 h5 9. Nxc6 bxc6 10. Bc4 Bg7 11. O-O-O Qc7 12. h3 Rb8 13. g4 hxg4 14. hxg4 Bxg4 15. Rxh8+ Bxh8 16. fxg4 Nxe4 17. Qh2 Bxc3 18. bxc3 Qb7 19. Bb3 c5 20. c4 Qb4 21. Bd2 Qa3+ 22. Kb1 Kd7 23. Qe2 f5 24. gxf5 gxf5 25. Qf3 e6 26. Qh5 Re8 27. Qh7+ Re7 28. Qh8 Qa6 29. c3 Qb7 30. Be1 a5 31. Kc1 Rf7 32. Bh4 Kc6 33. Qe8+ Kb6 34. Qb5+ Ka7 35. Qxa5+ Qa6 36. Qxa6+ Kxa6 37. Bc2 Nxc3 38. Rxd6+ Kb7 39. Kb2 Ne2 40. Rxe6 Nd4 41. Re7+ Rxe7 42. Bxe7 Kb6 43. Bf6 Nxc2 44. Kxc2 f4 45. Bg5 1-0

[Event "GBR-ch109 Over 65"]
[Site "Leicester"]
[Date "2023.07.26"]
[Round "3.12"]
[White "Fallowfield, Nicholas"]
[Black "Bhopal, Rajinder S"]
[Result "0-1"]
[WhiteElo "1875"]
[BlackElo "2021"]
[PlyCount "120"]
[EventDate "2023.07.24"]
[EventType "swiss"]
[EventRounds "7"]
[EventCountry "GBR"]
[SourceTitle "BritBase"]
[Source "John Saunders"]
[SourceDate "2025.01.31"]
[SourceVersion "1"]
[SourceVersionDate "2025.01.31"]
[SourceQuality "1"]

1. Nf3 Nf6 2. c4 g6 3. b4 Bg7 4. Bb2 O-O 5. g3 d6 6. Bg2 e5 7. d3 h6 8. O-O Be6 9. Nbd2 Qd7 10. Nxe5 dxe5 11. Bxb7 Nc6 12. Bxa8 Rxa8 13. b5 Nd4 14. Nb3 Bf8 15. Nxd4 exd4 16. e3 Bg4 17. f3 Bh3 18. Bxd4 Bxf1 19. Qxf1 Ne8 20. a4 c5 21. Bc3 Qe6 22. Re1 Nd6 23. g4 Re8 24. a5 Be7 25. Re2 Bf6 26. Qa1 Bxc3 27. Qxc3 f5 28. h3 f4 29. e4 Nf7 30. d4 Qd6 31. d5 Qe5 32. Rc2 Qxc3 33. Rxc3 Ne5 34. a6 Kf7 35. Kf2 Ke7 36. Ke2 g5 37. Rc1 Kd7 38. h4 gxh4 39. Rh1 Ng6 40. Rh3 Kc7 41. Kd3 Re5 42. Rh1 Kb6 43. Rh2 h5 44. Rg2 Rg5 45. e5 Nxe5+ 46. Ke4 Ng6 47. d6 Re5+ 48. Kd3 Re6 49. gxh5 Ne5+ 50. Ke4 Nf7+ 51. Kxf4 Rf6+ 52. Kg4 Rxd6 53. Kf5 Rd4 54. Rg6+ Nd6+ 55. Ke5 h3 56. Rg3 Rh4 57. Rg1 Nxc4+ 58. Kd5 Ne3+ 59. Ke5 h2 60. Rh1 Rxh5+ 0-1

[Event "GBR-ch109 Over 65"]
[Site "Leicester"]
[Date "2023.07.26"]
[Round "3.13"]
[White "Kelly, Ian G"]
[Black "Goodwin, Ed H"]
[Result "1-0"]
[WhiteElo "1987"]
[BlackElo "1824"]
[PlyCount "79"]
[EventDate "2023.07.24"]
[EventType "swiss"]
[EventRounds "7"]
[EventCountry "GBR"]
[SourceTitle "BritBase"]
[Source "John Saunders"]
[SourceDate "2025.01.31"]
[SourceVersion "1"]
[SourceVersionDate "2025.01.31"]
[SourceQuality "1"]

1. Nf3 e6 2. c4 f5 3. e4 fxe4 4. Ne5 Qf6 5. d4 exd3 6. Nxd3 d6 7. Nc3 Nc6 8. g3 Qf7 9. Bg2 Nf6 10. Be3 Be7 11. O-O O-O 12. b4 Bd7 13. b5 Nd8 14. a4 c6 15. a5 a6 16. bxa6 Rxa6 17. Bb6 Kh8 18. Rb1 Bc8 19. Nb4 Ra8 20. a6 bxa6 21. Bxd8 Rxd8 22. Nxc6 Bd7 23. Nxd8 Rxd8 24. Rb7 g6 25. Qd4 e5 26. Qd3 Bf5 27. Qe2 Bg4 28. Qa2 Nd7 29. Nd5 Bf3 30. Rc7 Bxg2 31. Kxg2 e4 32. Qe2 Qe6 33. Re1 Bf6 34. Qxe4 Qxe4+ 35. Rxe4 Be5 36. f4 Nf6 37. Nxf6 Bxf6 38. Ra7 Rb8 39. Rxa6 Kg7 40. Rxd6 1-0